000 00695nam a2200241Ia 4500
008 180523s9999 xx 000 0 und d
020 _a978-0-7360-6707-8
050 _aMAIN GV 885.3
050 _b.K73 2008
100 _aKrause, Jerry V.
245 0 _aBasketball skills & drills /
245 0 _cJerry V. Krause, Don Meyer, Jerry Meyer.
250 _a3rd edition.
260 _aChampaign, IL :
260 _bHuman Kinetics,
260 _c2008
300 _a254 pages:
300 _billustrations ;
300 _c28 cm.
300 _e+ 1 videodisc (DVD : sd., col. ; 4 3/4 in.)
500 _aIncludes bibliographical references and index.
650 _aBasketball -- Coaching.
999 _c357873
_d357873